Personality development / (Record no. 101235)

MARC details
000 -LEADER
fixed length control field 00506nam a22001697a 4500
010 ## - LCCN (DPL NO)
LC control number ENG-115396
020 ## - INTERNATIONAL STANDARD BOOK NUMBER
International Standard Book Number 9789331320827
Terms of availability 1495.00
035 ## - SYSTEM CONTROL NUMBER
System control number EN-98928
037 ## - SOURCE OF ACQUISITION
Source of stock number/acquisition DBAD/PUB
082 ## - DEWEY DECIMAL CLASSIFICATION NUMBER
Classification number 155.25
100 ## - MAIN ENTRY--PERSONAL NAME
Personal name Krishna Kumar Singh
245 ## - TITLE STATEMENT
Title Personality development /
Statement of responsibility, etc Krishna Kumar Singh
260 ## - PUBLICATION, DISTRIBUTION, ETC. (IMPRINT)
Place of publication, distribution, etc New Delhi
Name of publisher, distributor, etc A.P.H. Publishing
Date of publication, distribution, etc 2013
270 ## - ADDRESS
Address 4435-36/7,Ansari Road,Daryaganj
City New Delhi
Postal code 110002
300 ## - PHYSICAL DESCRIPTION
Extent x,201p.
Dimensions 22cm(Hb)
942 ## - ADDED ENTRY ELEMENTS (KOHA)
Source of classification or shelving scheme Dewey Decimal Classification
Item type English Books
Classification part 155.25
Call number suffix KRI
Holdings
Withdrawn status Lost status Not for loan Collection code Home library Current library Date acquired Source of acquisition Cost, normal purchase price Full call number Barcode Copy number Cost, replacement price Koha item type
      Non-fiction Shahdara Branch Shahdara Branch 12/07/2016 DBAD/PUB 695.00 155.25 KRI EN-98928 1 695.00 English Books

© Delhi Public Library
Hit Counter
free hit counter